The all england law report (Record no. 42973)

MARC details
000 -LEADER
fixed length control field 00393nam a2200169Ia 4500
020 ## - INTERNATIONAL STANDARD BOOK NUMBER
ISBN 9788180388309
050 ## - CALL MARK
Classification number KF 60 .A5/
245 #4 - TITLE STATEMENT
Title The all england law report
260 ## - PUBLICATION, DISTRIBUTION, ETC. (IMPRINT)
Place of publication Halbury,England.
260 ## - PUBLICATION, DISTRIBUTION, ETC. (IMPRINT)
Name of publisher LexisNexis
260 ## - PUBLICATION, DISTRIBUTION, ETC. (IMPRINT)
Year of publication 2013
300 ## - PHYSICAL DESCRIPTION
Number of Pages 1392 p
650 ## - SUBJECT ADDED ENTRY--TOPICAL TERM
Topical Term Halbury,England.
942 ## - ADDED ENTRY ELEMENTS (KOHA)
Koha item type Books
Holdings
Withdrawn status Lost status Source of classification or shelving scheme Damaged status Not for loan Permanent Location Current Location Shelving location Date acquired Accession Number Price effective from Koha item type
    Library of Congress Classification     Law Library Law Library Items on shelf 06/03/2025 0185976 06/03/2025 Books